| 000 | 00365pab a2200145 454500 | ||
|---|---|---|---|
| 008 | 180718b1985 xxu||||| |||| 00| 0 eng d | ||
| 100 | _aGrover, Satish | ||
| 245 |
_aArchitecture in India _bPast and present |
||
| 260 | _c1985 | ||
| 300 | _a7-8,24-7,30 | ||
| 362 | _a15 Oct. | ||
| 650 | _aArchitecture - India | ||
| 773 | _aIndian and Foreign Review | ||
| 909 | _a3682 | ||
| 999 |
_c3682 _d3682 |
||